000 00659nam a2200217Ia 4500
008 101110s9999 xx 000 0 und d
041 _aENGLISH
082 _bJR4893
100 _aKhanvelkar Mangala, Kulkarni, N., Fulambrikar Manik & other
245 _aFundamentals of Biology std.XI Sci. Rev.syllabus
260 _c2006
_bNirali Prakashan, Pune
300 _a311
365 _b65
520 _aBiology/Zoology
546 _aENGLISH
630 _aFundamentals of Biology std.XI Sci. Rev.syllabus
650 _aBiology/Zoology
655 _aBiology/Zoology
730 _aFundamentals of Biology std.XI Sci. Rev.syllabus
942 _cBOOK
999 _c795701
_d795698